000
00320 a2200157 4500
001
61260
020
_a
9788853600103
040
_c
Anchieta - Pituba
100
_a
Weiss, Jacqueline
240
1
0
_a
Wortschatz
_l
por
245
1
0
_a
Wortschatz
300
_a
80
362
0
_a
2003
650
4
_a
Língua alemã
942
_c
BK
999
_c
61260
_d
61260